| 000 | 00877cam a22002895i 4500 | ||
|---|---|---|---|
| 001 | 19466462 | ||
| 005 | 20180301034941.0 | ||
| 008 | 170127t20142015paua fp 001 0 eng d | ||
| 010 | _a 2017285059 | ||
| 015 |
_aGBB477791 _2bnb |
||
| 016 | 7 |
_a016801747 _2Uk |
|
| 020 | _a9781451116533 | ||
| 020 | _a1451116535 | ||
| 035 | _a(OCoLC)ocn885008519 | ||
| 040 |
_aUKMGB _beng _cUKMGB _erda _dOCLCO _dLGG _dNEH _dIDL _dOCLCO _dOCLCF _dOCL _dUWO _dOCLCQ _dDLC |
||
| 041 | _aeng | ||
| 042 | _alccopycat | ||
| 060 | 4 | _aWO 18.2 | |
| 080 | _a617.0076 BLA | ||
| 082 | 0 | 4 |
_a617.0076 BLA _223 |
| 100 | _a5 | ||
| 101 | _aKIR | ||
| 245 | 0 | 0 |
_aAdvanced surgical recall / _cRecall series editor and senior editor, Lorne H. Blackbourne ; advisor, Curtis G. Tribble. |
| 906 |
_a0 _bibc _ccopycat _d2 _encip _f20 _gy-gencatlg |
||
| 942 |
_2ddc _cBK |
||
| 999 |
_c43764 _d43764 |
||